000 00369nam a2200157Ia 4500
008 210210b1949 xxu||||| |||| 00| 0 eng d
041 _aeng
082 _a824/111
100 _aFLATTER (R)
245 _aHamlets father
260 _aLondon
_bWilliam Heinemann Ltd.
_c1949
650 _aHamlets
650 _afather
690 _aEnglish Criticism
906 _a014065
999 _c133151
_d133151